[Event "46th Capablanca Memorial Open A"]
[Site "Havana CUB"]
[Date "2011.05.21"]
[Round "10.30"]
[White "Marrero Lopez, Yaniet"]
[Black "Cardenas Ballester, Maydelin"]
[Result "1-0"]
[WhiteTitle "WGM"]
[BlackTitle "WFM"]
[WhiteElo "2328"]
[BlackElo "2114"]
[WhiteFideId "3503950"]
[BlackFideId "3508242"]
[EventDate "2011.05.11"]

1. e4 c5 2. Nf3 d6 3. d4 cxd4 4. Nxd4 Nf6 5. Nc3 g6 6. Be3 Bg7 7. f3 O-O 8. Qd2
Nc6 9. g4 h5 10. gxh5 Nxh5 11. O-O-O Kh7 12. Kb1 Bd7 13. f4 Nxd4 14. Bxd4 Bxd4
15. Qxd4 Qb6 16. Qd2 Bc6 17. Be2 Nf6 18. Bf3 Rh8 19. h4 Kg7 20. Qe2 Nh5 21. Bxh5
Rxh5 22. f5 Rah8 23. fxg6 fxg6 24. Qg4 Qc5 25. Ne2 Qe5 26. Ng3 a6 27. Rhg1 Be8
28. Rd5 1-0

[Event "46th Capablanca Memorial Open A"]
[Site "Havana CUB"]
[Date "2011.05.21"]
[Round "10.31"]
[White "Torres Rosas, Luis Carlos"]
[Black "Garcia Martinez, Omar"]
[Result "1/2-1/2"]
[WhiteTitle "CM"]
[BlackTitle "FM"]
[WhiteElo "2129"]
[BlackElo "2318"]
[WhiteFideId "5111080"]
[BlackFideId "3500861"]
[EventDate "2011.05.11"]

1. d4 Nf6 2. c4 g6 3. Nc3 Bg7 4. e4 d6 5. Nf3 O-O 6. Be2 e5 7. O-O Na6 8. Be3
Ng4 9. Bg5 Qe8 10. dxe5 dxe5 11. h3 h6 12. Bd2 Nf6 13. Be3 c6 14. c5 Nh5 15. Nd2
Nf4 16. Bxa6 1/2-1/2

[Event "46th Capablanca Memorial Open A"]
[Site "Havana CUB"]
[Date "2011.05.21"]
[Round "10.32"]
[White "Larrua Gonzalez, Fernando Oscar"]
[Black "Ynojosa, Felix Jose"]
[Result "1-0"]
[WhiteTitle "FM"]
[WhiteElo "2316"]
[BlackElo "2255"]
[WhiteFideId "3510662"]
[BlackFideId "3900258"]
[EventDate "2011.05.11"]

1. d4 Nf6 2. Nf3 e6 3. c4 b6 4. g3 Bb7 5. Bg2 c5 6. d5 exd5 7. Nh4 g6 8. Nc3 Bg7
9. O-O O-O 10. Bg5 h6 11. Bxf6 Qxf6 12. Nxd5 Bxd5 13. Qxd5 Nc6 14. Qxd7 Ne5 15.
Qa4 Rad8 16. Rad1 g5 17. Nf3 Ng6 18. h3 Qxb2 19. Rxd8 Rxd8 20. Qxa7 Qxe2 21.
Qxb6 Rd1 22. Rxd1 Qxd1+ 23. Kh2 Bf8 24. Qb2 Qd3 25. a4 Qxc4 26. a5 Qa6 27. Qa2
Bd6 28. Nd2 Bc7 29. Nc4 Ne7 30. Qa4 Kf8 31. Qd7 Qa7 32. Kh1 Bb8 33. Bb7 Ng6 34.
a6 Ne5 35. Qd8+ Kg7 36. Nd6 Bxd6 37. Qxd6 Nc4 38. Qd5 Na5 39. Qe5+ Kg8 40. Qe8+
Kg7 41. Qb5 c4 42. Qxa5 Qxf2 43. a7 Qxg3 44. Bg2 1-0

[Event "46th Capablanca Memorial Open A"]
[Site "Havana CUB"]
[Date "2011.05.21"]
[Round "10.33"]
[White "Machado Escanio, Michel"]
[Black "Gascon, Jose Rafael"]
[Result "0-1"]
[WhiteTitle "FM"]
[WhiteElo "2309"]
[BlackElo "2120"]
[WhiteFideId "3506290"]
[BlackFideId "3902463"]
[EventDate "2011.05.11"]

1. d4 Nf6 2. c4 g6 3. Nf3 d6 4. Nc3 Bg7 5. e4 O-O 6. Be2 e5 7. O-O Nc6 8. d5 Ne7
9. b4 Nh5 10. Re1 f5 11. Ng5 Nf6 12. Bf3 c6 13. Bb2 cxd5 14. cxd5 Qb6 15. Qb3 h6
16. Ne6 Bxe6 17. dxe6 fxe4 18. Nxe4 Nxe4 19. Rxe4 d5 20. Rxe5 Bxe5 21. Bxe5 Qxe6
22. Bb2 Kh7 23. Qc3 Qf7 24. Re1 Nf5 25. Qd2 d4 26. Bc1 Rac8 27. Bg4 Rce8 28. Rd1
h5 29. Bh3 Qe6 30. Bxf5 Qxf5 31. f3 d3 32. Qh6+ Kg8 33. Bb2 Re7 34. Qh8+ Kf7 35.
Qd4 Rd7 36. Qg7+ Ke8 37. Qc3 Kd8 38. h4 Re8 39. Bc1 Re5 40. Bg5+ Ke8 41. Qc8+
Kf7 42. Qh8 Re8 43. Qc3 Re2 44. Bd2 Qd5 45. Kh1 Kg8 46. Qc8+ Kh7 47. Qf8 Qf5 48.
Qb8 Qe5 49. Qxe5 Rxe5 50. Kh2 Re2 51. Kh3 Kg7 52. a4 Kf7 53. b5 Ke6 54. a5 Kd5
55. b6 axb6 56. axb6 Rxd2 57. Rxd2 Kc4 58. Rd1 d2 0-1

[Event "46th Capablanca Memorial Open A"]
[Site "Havana CUB"]
[Date "2011.05.21"]
[Round "10.34"]
[White "Rasmussen, Karsten"]
[Black "Castillo Coca, Mayrebis"]
[Result "1-0"]
[WhiteTitle "IM"]
[BlackTitle "WFM"]
[WhiteElo "2434"]
[BlackElo "2087"]
[WhiteFideId "1400088"]
[BlackFideId "3511910"]
[EventDate "2011.05.11"]

1. d4 Nf6 2. c4 c6 3. Nc3 d5 4. Nf3 Bg4 5. Ne5 Bf5 6. cxd5 Nxd5 7. Qb3 Qb6 8.
Qxb6 Nxb6 9. e4 Be6 10. Be3 f6 11. d5 Bxd5 12. Bxb6 axb6 13. Nxd5 fxe5 14. Nc7+
Kd8 15. Nxa8 Nd7 16. O-O-O Kc8 17. a4 g6 18. Bc4 Bh6+ 19. Kb1 Nc5 20. Nxb6+ Kc7
21. a5 Nxe4 22. Rd7+ Kb8 23. Rhd1 1-0

[Event "46th Capablanca Memorial Open A"]
[Site "Havana CUB"]
[Date "2011.05.21"]
[Round "10.35"]
[White "Figueredo Losada, Leonel"]
[Black "Fernandez Hernandez, Arturo A."]
[Result "1/2-1/2"]
[WhiteTitle "FM"]
[BlackTitle "FM"]
[WhiteElo "2381"]
[BlackElo "2265"]
[WhiteFideId "3507971"]
[BlackFideId "3509230"]
[EventDate "2011.05.11"]

1. e4 d6 2. d4 Nf6 3. Nc3 g6 4. f4 Bg7 5. Nf3 c5 6. dxc5 Qa5 7. Bd3 Qxc5 8. Qe2
Nc6 9. Be3 Qa5 10. h3 Nxe4 11. Bxe4 d5 12. Bxd5 Bxc3+ 13. bxc3 Qxd5 14. O-O Be6
15. Nd4 Nxd4 16. Bxd4 O-O 17. Rae1 Rfe8 18. Qf2 f6 19. Re3 a5 20. Rfe1 Ra6 21.
a4 Bd7 22. Rxe7 Rxe7 23. Rxe7 Re6 24. Rxe6 Qxe6 25. Qh4 Bxa4 26. Bxf6 Bc6 27.
Be5 Qd5 28. Qg4 a4 29. c4 Qd7 30. Qg5 Qd2 31. Qg4 Kf7 32. Qg5 Ke8 33. Qg4 Qd7
34. Qe2 Kf7 35. Qd3 Qe7 36. Kh2 h5 37. Qc3 h4 38. Qd3 Qd7 39. Qc3 a3 40. Qe1 Qe7
41. Qa5 Qd7 42. Qe1 Qd8 43. Ba1 Qe7 44. Be5 a2 45. Qa5 Qd7 46. Bc3 Qd6 47. Qg5
Qe7 48. Qh6 Qe4 49. Qg7+ Ke8 50. Qg8+ Kd7 51. Qf7+ Kc8 52. Qf8+ Qe8 53. Qf6 Qe4
54. Qh8+ Kd7 1/2-1/2

[Event "46th Capablanca Memorial Open A"]
[Site "Havana CUB"]
[Date "2011.05.21"]
[Round "10.36"]
[White "Corrales Jimenez, Zenia"]
[Black "Soto Hernandez, Henry"]
[Result "1/2-1/2"]
[WhiteTitle "WFM"]
[BlackTitle "FM"]
[WhiteElo "2182"]
[BlackElo "2362"]
[WhiteFideId "3506355"]
[BlackFideId "3507475"]
[EventDate "2011.05.11"]

1. e4 c5 2. Nf3 e6 3. c3 d5 4. exd5 exd5 5. d4 Nc6 6. h3 c4 7. Be2 Bd6 8. O-O
Nge7 9. b3 cxb3 10. axb3 O-O 11. Bd3 Bf5 12. Bxf5 Nxf5 13. Qd3 Qd7 14. Ba3 Rfe8
15. Bxd6 Nxd6 16. Nbd2 Qf5 17. Qxf5 Nxf5 18. g4 Nd6 19. c4 a6 20. cxd5 Nb4 21.
Nc4 Rad8 22. Rfe1 Rxe1+ 23. Rxe1 Kf8 24. Nb6 Nb5 25. Ne5 f6 26. Ned7+ Kf7 27.
Nc5 Nxd5 28. Nxb7 Rb8 29. Nxd5 Rxb7 30. Ra1 1/2-1/2

[Event "46th Capablanca Memorial Open A"]
[Site "Havana CUB"]
[Date "2011.05.21"]
[Round "10.37"]
[White "Lopez Vilier, Luis Angel"]
[Black "Martinez Reyes, Pedro Ramon"]
[Result "1-0"]
[WhiteTitle "FM"]
[WhiteElo "2316"]
[BlackElo "2198"]
[WhiteFideId "3509320"]
[BlackFideId "3901807"]
[EventDate "2011.05.11"]

1. c4 Nf6 2. Nc3 c5 3. g3 Nc6 4. Bg2 e6 5. e4 a6 6. Nge2 b5 7. b3 b4 8. Na4 d6
9. d4 Qc7 10. d5 exd5 11. cxd5 Nb8 12. Bb2 Be7 13. e5 Ng4 14. h3 1-0

[Event "46th Capablanca Memorial Open A"]
[Site "Havana CUB"]
[Date "2011.05.21"]
[Round "10.38"]
[White "Mendez Fortes, Eduardo Jesus"]
[Black "Miranda Rodriguez, Tania"]
[Result "1/2-1/2"]
[WhiteTitle "FM"]
[BlackTitle "WFM"]
[WhiteElo "2316"]
[BlackElo "2167"]
[WhiteFideId "3502376"]
[BlackFideId "3510417"]
[EventDate "2011.05.11"]

1. e4 e5 2. Nf3 Nf6 3. Nxe5 d6 4. Nf3 Nxe4 5. Qe2 Qe7 6. d3 Nf6 7. Bg5 Qxe2+ 8.
Bxe2 Be7 9. Nc3 Nc6 10. O-O-O O-O 11. h3 Re8 12. Rhe1 1/2-1/2

[Event "46th Capablanca Memorial Open A"]
[Site "Havana CUB"]
[Date "2011.05.21"]
[Round "10.39"]
[White "Boada, Wiston"]
[Black "Castellanos Sanchez, Carlos M"]
[Result "1/2-1/2"]
[WhiteTitle "IM"]
[BlackTitle "FM"]
[WhiteElo "2214"]
[BlackElo "2293"]
[WhiteFideId "3900495"]
[BlackFideId "3501310"]
[EventDate "2011.05.11"]

1. d4 Nf6 2. c4 g6 3. Nc3 d5 4. Nf3 Bg7 5. e3 O-O 6. Qb3 dxc4 7. Bxc4 Nc6 8. Be2
b6 9. O-O Bb7 10. Rd1 Na5 11. Qc2 Nd5 12. Nxd5 Bxd5 13. b4 Nb7 14. e4 Be6 15.
Bb2 Nd6 16. d5 Bxb2 17. Qxb2 Bc8 1/2-1/2

[Event "46th Capablanca Memorial Open A"]
[Site "Havana CUB"]
[Date "2011.05.21"]
[Round "10.40"]
[White "Hernandez Fernandez, Ramon A"]
[Black "Forgas Moreno, Yaniela"]
[Result "1/2-1/2"]
[WhiteTitle "FM"]
[BlackTitle "WFM"]
[WhiteElo "2293"]
[BlackElo "2093"]
[WhiteFideId "3503909"]
[BlackFideId "3508072"]
[EventDate "2011.05.11"]

1. e4 c5 2. Nf3 d6 3. d4 cxd4 4. Nxd4 Nf6 5. Nc3 a6 6. f3 e5 7. Nb3 Be7 8. Be3
Be6 9. Qd2 Nbd7 10. g4 b5 11. O-O-O O-O 12. Rg1 b4 13. Nd5 Bxd5 14. exd5 a5 15.
g5 Nh5 16. Kb1 f5 17. gxf6 Bxf6 18. Bh3 Nb6 19. Qd3 Kh8 20. Qb5 Nc8 21. Qb7 Ne7
22. Bb6 Qb8 23. Qxb8 Rfxb8 24. Bxa5 Rb5 25. Bc7 Nxd5 26. Bxd6 Rd8 27. Bc5 Nhf4
28. Bf5 Ne2 29. Bd3 Nxg1 30. Rxg1 Rdb8 31. Be4 Be7 32. Bf2 Nf6 33. Bd3 Rd5 34.
Re1 Rbd8 35. Bg3 Nd7 36. Re4 Rf8 37. Re1 Bg5 38. a3 bxa3 39. bxa3 Rb8 40. Ka2
Bf4 41. Bf2 Nb6 42. Re4 Rd6 43. Bxb6 Rdxb6 44. a4 Bxh2 45. a5 Rb4 46. a6 Bg1 47.
Rxb4 Rxb4 48. Ka3 Rb8 49. c4 h5 50. Ka4 g5 51. c5 Rxb3 52. Kxb3 Bxc5 53. Kc4 Bd4
54. Kd5 Kg7 55. a7 1/2-1/2

[Event "46th Capablanca Memorial Open A"]
[Site "Havana CUB"]
[Date "2011.05.21"]
[Round "10.43"]
[White "Enrique Hernandez, Eddy Ernesto"]
[Black "Diaz Hernandez, Heriberto"]
[Result "0-1"]
[BlackTitle "FM"]
[WhiteElo "2206"]
[BlackElo "2300"]
[WhiteFideId "3508765"]
[BlackFideId "3508498"]
[EventDate "2011.05.11"]

1. d4 d5 2. Nf3 Nf6 3. Bf4 c5 4. e3 Nc6 5. c3 e6 6. Bd3 Bd6 7. Ne5 Qc7 8. Bb5
O-O 9. Bxc6 bxc6 10. Nd2 Ba6 11. Ndf3 cxd4 12. exd4 Ne4 13. Bg3 Rab8 14. Qc2 c5
15. Ng4 cxd4 16. Bxd6 Qxd6 17. Nxd4 Rfc8 18. Nb3 Qf4 19. f3 h5 20. fxe4 hxg4 21.
exd5 exd5 22. Kd1 Re8 23. Nd4 Re3 24. g3 Qg5 25. Qf2 Be2+ 26. Nxe2 Rd3+ 27. Ke1
Qd2+ 28. Kf1 Rf3 29. Kg2 Rxf2+ 30. Kxf2 Rxb2 31. Rhe1 Qxc3 0-1

[Event "46th Capablanca Memorial Open A"]
[Site "Havana CUB"]
[Date "2011.05.21"]
[Round "10.44"]
[White "Espinoza Palomino, Willyam"]
[Black "Catala Matienzo, Ivette"]
[Result "0-1"]
[WhiteTitle "FM"]
[BlackTitle "WFM"]
[WhiteElo "2295"]
[BlackElo "2208"]
[WhiteFideId "3804852"]
[BlackFideId "3506819"]
[EventDate "2011.05.11"]

1. e4 c5 2. Nf3 e6 3. d4 cxd4 4. Nxd4 Nf6 5. Nc3 Nc6 6. Ndb5 d6 7. Bf4 e5 8. Bg5
a6 9. Na3 d5 10. Nxd5 Qa5+ 11. Qd2 Qxd2+ 12. Bxd2 Nxd5 13. exd5 Nb4 14. Bc4 Bf5
15. O-O-O Rc8 16. Bxb4 Bxb4 17. Bb3 b5 18. Nb1 O-O 19. Nd2 Rxc2+ 20. Bxc2 Rc8
21. Nf3 Bxc2 22. Rd2 Be4+ 23. Kd1 Bxd2 24. Kxd2 Bxd5 25. Nxe5 Bxg2 26. Re1 f6
27. Nd3 Kf7 28. Nf4 Bc6 29. Re3 Rd8+ 30. Kc2 Rd4 31. Ne2 Be4+ 32. Kc1 Rc4+ 33.
Nc3 Bf5 34. Rf3 Bg4 35. Re3 b4 36. Re4 Be6 37. Rxc4 Bxc4 38. Ne4 Bxa2 39. Kc2
Bd5 40. Nd6+ Ke7 41. Nf5+ Kf7 42. Kd3 a5 43. Kd4 Be6 44. Ne3 a4 45. Nc2 a3 46.
bxa3 b3 0-1

[Event "46th Capablanca Memorial Open A"]
[Site "Havana CUB"]
[Date "2011.05.21"]
[Round "10.45"]
[White "Fleites Martin, Yuleikys"]
[Black "Vigoa Apecheche, Yanira"]
[Result "1/2-1/2"]
[WhiteTitle "WIM"]
[BlackTitle "WIM"]
[WhiteElo "2167"]
[BlackElo "2279"]
[WhiteFideId "3502759"]
[BlackFideId "3507041"]
[EventDate "2011.05.11"]

1. e4 c5 2. Nc3 e6 3. Nf3 Nc6 4. Bb5 Nge7 5. O-O a6 6. Bxc6 Nxc6 7. d4 cxd4 8.
Nxd4 d6 9. Nxc6 bxc6 10. Na4 Qa5 11. c4 c5 12. Bd2 Qc7 13. Bf4 Rb8 14. b3 Bb7
15. Re1 f6 1/2-1/2

[Event "46th Capablanca Memorial Open A"]
[Site "Havana CUB"]
[Date "2011.05.21"]
[Round "10.46"]
[White "Pirola, Claudionor Alcides Lima"]
[Black "Zavarce, Oscar Enrique"]
[Result "0-1"]
[BlackTitle "FM"]
[WhiteElo "2104"]
[BlackElo "2223"]
[WhiteFideId "2130556"]
[BlackFideId "3902501"]
[EventDate "2011.05.11"]

1. d4 c5 2. d5 g6 3. e4 Bg7 4. f4 d6 5. Nf3 Nf6 6. Bb5+ Nbd7 7. e5 Qa5+ 8. Nc3
Ne4 9. Bd2 Nxd2 10. Nxd2 O-O 11. Nc4 Qc7 12. O-O a6 13. Bxd7 Bxd7 14. e6 fxe6
15. dxe6 Bd4+ 16. Kh1 Bxe6 17. Qe2 Bf7 18. Ne3 e6 19. Ncd1 Bg7 20. c3 Be8 21.
Ng4 Qe7 22. h3 Bb5 23. c4 Bc6 24. Nc3 Rae8 25. Rae1 b5 26. cxb5 Bxc3 27. bxc3
axb5 28. Qd2 h5 29. Nh2 Rf5 30. Nf3 Ref8 31. Ng5 e5 32. Kg1 Qf6 33. h4 Rxf4 34.
Rxf4 Qxf4 35. Qc2 Qf5 36. Qe2 Qg4 37. Qc2 Rf6 38. Qb3+ c4 0-1

[Event "46th Capablanca Memorial Open A"]
[Site "Havana CUB"]
[Date "2011.05.21"]
[Round "10.47"]
[White "Yanes Canizares, Alejandro"]
[Black "Cueto Rodriguez, Yanet"]
[Result "1-0"]
[BlackTitle "WFM"]
[WhiteElo "2330"]
[BlackElo "2138"]
[WhiteFideId "3506134"]
[BlackFideId "3505294"]
[EventDate "2011.05.11"]

1. e4 e5 2. Nf3 Nc6 3. Bb5 a6 4. Ba4 Nf6 5. O-O b5 6. Bb3 Be7 7. a4 Rb8 8. axb5
axb5 9. Re1 d6 10. c3 O-O 11. d4 exd4 12. cxd4 Bg4 13. Be3 Qd7 14. Nbd2 h6 15.
d5 Nd8 16. Qc2 c5 17. dxc6 Nxc6 18. h3 Bxf3 19. Nxf3 Rfc8 20. Qe2 Bd8 21. Bf4
Bc7 22. Rad1 Re8 23. Qd3 Qe7 24. Bxd6 Bxd6 25. Qxd6 Qxd6 26. Rxd6 Na5 27. e5
Nxb3 28. exf6 Rxe1+ 29. Nxe1 gxf6 30. Rxf6 Kg7 31. Rf3 Nd4 32. Rd3 Ne6 33. g3
Rc8 34. Kf1 Kf6 35. Ke2 Ng5 36. Rd5 Re8+ 37. Kf1 Rb8 38. h4 Ne6 39. Nd3 Nc7 40.
Rd6+ Ne6 41. Ke2 Kf5 42. f3 Kf6 43. b4 Ke7 44. Rd5 Nc7 45. Rh5 Rb6 46. Re5+ Kd6
47. Ke3 Nd5+ 48. Kd4 Ne7 49. Rh5 Kc7 50. Nf4 Rd6+ 51. Kc5 Nc6 52. Nd5+ Kd7 53.
Rf5 Nd8 54. Nb6+ Kc7 55. Na8+ Kd7 56. Kxb5 f6 57. Nb6+ Ke6 58. Rf4 Nc6 59. Re4+
Ne5 60. f4 Kf5 1-0

[Event "46th Capablanca Memorial Open A"]
[Site "Havana CUB"]
[Date "2011.05.21"]
[Round "10.48"]
[White "Arribas Robaina, Maritza"]
[Black "Cordero Suarez, Greisy"]
[Result "1-0"]
[WhiteTitle "WGM"]
[WhiteElo "2300"]
[BlackElo "2116"]
[WhiteFideId "3501418"]
[BlackFideId "3502422"]
[EventDate "2011.05.11"]

1. e4 e6 2. d4 d5 3. exd5 exd5 4. Bd3 Bd6 5. Nc3 c6 6. Qf3 Qf6 7. Be3 Qxf3 8.
Nxf3 Nf6 9. h3 O-O 10. O-O-O Re8 11. Rhe1 h6 12. Bd2 Nbd7 13. Rxe8+ Nxe8 14. Re1
Ndf6 15. Nh4 Nc7 16. Nf5 Bxf5 17. Bxf5 Re8 18. Rxe8+ Ncxe8 19. Bc8 b6 20. Bb7 c5
21. Nxd5 cxd4 22. Nxf6+ Nxf6 23. Kd1 Nd7 24. Ke2 Nc5 25. Bc6 Be5 26. b4 Ne6 27.
Kd3 Kf8 28. Ke4 Bf6 29. f4 g5 30. fxg5 hxg5 31. g3 Ke7 32. Bd5 Nc7 33. Bc4 Ne8
34. Kd5 Nd6 35. Bd3 Kd7 36. Be1 Nc8 37. Bf5+ Kc7 38. Bxc8 Kxc8 39. Bf2 Be7 40.
b5 Kb7 41. Bxd4 a6 42. a4 axb5 43. axb5 Kc7 44. g4 Bd8 45. c4 Kd7 46. c5 bxc5
47. Bxc5 Kc7 48. Ke5 Kd7 49. Kf5 Kc7 50. Be3 f6 51. Bd4 1-0

[Event "46th Capablanca Memorial Open A"]
[Site "Havana CUB"]
[Date "2011.05.21"]
[Round "10.49"]
[White "Espinosa Garcia, Sandra"]
[Black "Sanchez Castillo, Sarai"]
[Result "1/2-1/2"]
[WhiteTitle "WIM"]
[BlackTitle "IM"]
[WhiteElo "2113"]
[BlackElo "2268"]
[WhiteFideId "3509109"]
[BlackFideId "3900754"]
[EventDate "2011.05.11"]

1. d4 d5 2. c4 c6 3. cxd5 cxd5 4. Nc3 Nc6 5. Bf4 Nf6 6. e3 a6 7. Bd3 e6 8. Rc1
Be7 9. h3 O-O 10. Nf3 Bd7 11. O-O 1/2-1/2

[Event "46th Capablanca Memorial Open A"]
[Site "Havana CUB"]
[Date "2011.05.21"]
[Round "10.50"]
[White "Ubaldo Suarez, Maria Gisela"]
[Black "Hernandez Moya, Yuleisis"]
[Result "1-0"]
[WhiteTitle "WIM"]
[BlackTitle "WFM"]
[WhiteElo "2079"]
[BlackElo "2174"]
[WhiteFideId "3900630"]
[BlackFideId "3511685"]
[EventDate "2011.05.11"]

1. d4 d5 2. c4 c6 3. Nc3 Nf6 4. Nf3 dxc4 5. a4 Bf5 6. e3 e6 7. Bxc4 Bb4 8. O-O
O-O 9. Qb3 Qe7 10. Bd2 a5 11. Rfe1 Nbd7 12. h3 Bg6 13. Ne2 Nb6 14. Bxb4 axb4 15.
Nf4 Be4 16. Be2 Ra5 17. Nd2 Rfa8 18. Nxe4 Nxe4 19. Qc2 f5 20. b3 g5 21. Nd3 Nd5
22. Ne5 c5 23. Bd3 Nec3 24. Nc4 R5a6 25. dxc5 Qxc5 26. e4 fxe4 27. Bxe4 Nxe4 28.
Qxe4 Rf8 29. Qc2 Rf5 30. Rxe6 Rxf2 31. Qxf2 Qxf2+ 32. Kxf2 Rxe6 33. Rd1 Rf6+ 34.
Kg3 Nc3 35. Rd8+ Rf8 36. Rxf8+ Kxf8 37. Kg4 h6 38. Nd6 Ke7 39. Nxb7 Nxa4 40. Kh5
Nc3 41. Kxh6 Kf6 42. Nd6 Ne2 43. Ne4+ Kf5 44. Nc5 Nd4 45. g4+ Kf4 46. Nd3+ Kg3
47. Kxg5 Nxb3 48. h4 Nd4 49. h5 Ne6+ 50. Kf5 Ng7+ 51. Kf6 Kxg4 52. h6 Nh5+ 53.
Kf7 b3 54. h7 Nf4 55. Nb2 1-0

[Event "46th Capablanca Memorial Open A"]
[Site "Havana CUB"]
[Date "2011.05.21"]
[Round "10.51"]
[White "Perez Rodriguez, Jennifer"]
[Black "Abreu Jean, Carlos Paul"]
[Result "1/2-1/2"]
[WhiteTitle "WIM"]
[WhiteElo "2227"]
[BlackElo "2101"]
[WhiteFideId "3507831"]
[BlackFideId "6405525"]
[EventDate "2011.05.11"]

1. e4 d5 2. exd5 Qxd5 3. Nf3 Nf6 4. Nc3 Qa5 5. d4 Bf5 6. Bd2 c6 7. Bc4 e6 8. d5
Qc5 9. dxc6 Nxc6 10. Bb3 Rd8 11. Qe2 Be7 12. h3 O-O 13. O-O Nd4 14. Nxd4 Qxd4
15. Be3 Qh4 16. Rfd1 Bd6 17. Rxd6 Rxd6 18. Bc5 Rfd8 19. Bxd6 Rxd6 20. Rd1 Rxd1+
21. Qxd1 h6 22. Qf3 Qg5 23. Kh2 Kh7 24. Qe3 Qh4 25. Kg1 a6 26. Ne2 Qb4 27. c3
Qd6 28. Qd4 Qc7 29. Qe3 Qd6 30. Qd4 Qc7 1/2-1/2

[Event "46th Capablanca Memorial Open A"]
[Site "Havana CUB"]
[Date "2011.05.21"]
[Round "10.52"]
[White "Frometa Castillo, Zirka"]
[Black "Fandino Reyes, Roquelina"]
[Result "1/2-1/2"]
[WhiteTitle "WGM"]
[BlackTitle "WIM"]
[WhiteElo "2125"]
[BlackElo "2147"]
[WhiteFideId "3501434"]
[BlackFideId "3501426"]
[EventDate "2011.05.11"]

1. d4 d5 2. Nf3 Nf6 3. e3 Bg4 4. Be2 c6 5. Nc3 Nbd7 6. h3 Bh5 7. O-O e6 8. b3
Bb4 9. Bb2 O-O 10. a3 Bxc3 11. Bxc3 Ne4 12. Bb2 Bxf3 13. Bxf3 f5 14. c4 Qe7 15.
Bxe4 fxe4 1/2-1/2